[Event "TUR-ch U13/18"]
[Site "Antalya"]
[Date "2023.01.23"]
[Round "3"]
[White "Karakus, Ali"]
[Black "Temizer, Umut"]
[Result "0-1"]
[WhiteElo "1693"]
[BlackElo "1989"]
[PlyCount "64"]
[EventDate "2023.01.17"]
[EventType "swiss"]
[EventRounds "10"]
[EventCountry "TUR"]
[SourceTitle "EXT 2024"]
[Source "ChessBase"]
[SourceDate "2023.10.10"]
[SourceVersion "1"]
[SourceVersionDate "2023.10.10"]
[SourceQuality "1"]

1. e4 c5 2. c3 d5 3. exd5 Qxd5 4. d4 Nf6 5. Nf3 Nc6 6. dxc5 Qxc5 7. Bd3 e5 8. 0-0 Be7 9. Re1 0-0 10. a4 Bg4 11. Nbd2 Rad8 12. Qc2 Qd6 13. Bf1 Qc7 14. h3 Bh5 15. Nh4 Rfe8 16. Ne4 Nd4 17. Nxf6+ Bxf6 18. Qe4 Nb3 19. Ra3 Nxc1 20. Rxc1 Rd4 21. cxd4 Qxc1 22. g4 Bxh4 23. gxh5 Bxf2+ 24. Kg2 Bxd4 25. Rb3 Qd2+ 26. Be2 Qe1 27. h4 b6 28. Rf3 g6 29. hxg6 hxg6 30. Rg3 Kf8 31. Qf3 e4 32. Qg4 Qg1+ 0-1

[Event "EU-ch U16 30th"]
[Site "Antalya"]
[Date "2022.11.08"]
[Round "3"]
[White "Temizer, Umut"]
[Black "Sahakyan, Aleks"]
[Result "1/2-1/2"]
[WhiteElo "2048"]
[BlackElo "2331"]
[PlyCount "130"]
[EventDate "2022.11.06"]
[EventType "swiss"]
[EventRounds "9"]
[EventCountry "TUR"]
[SourceTitle "CBM 211 Extra"]
[Source "ChessBase"]
[SourceDate "2023.01.31"]
[SourceVersion "1"]
[SourceVersionDate "2023.01.31"]
[SourceQuality "1"]

1. Nf3 g6 2. g3 Bg7 3. Bg2 e5 4. e4 Ne7 5. 0-0 Nbc6 6. c3 d5 7. d3 0-0 8. Nbd2 h6 9. Re1 Be6 10. exd5 Bxd5 11. Nc4 e4 12. Nd4 Nxd4 13. cxd4 exd3 14. Qxd3 Bxg2 15. Kxg2 Nc6 16. Be3 Qd5+ 17. f3 Nxd4 18. Bxd4 Qxd4 19. Qxd4 Bxd4 20. Rad1 Rfd8 21. b3 Kf8 22. Re2 b6 23. f4 c5 24. Kf3 Bf6 25. Red2 Rxd2 26. Rxd2 Bd4 27. Ke4 Rd8 28. a4 Ke7 29. g4 Ke6 30. h3 Re8 31. Rd3 f5+ 32. Kf3 Kd5 33. Ne5 Re6 34. Rd2 a6 35. h4 b5 36. axb5 axb5 37. h5 fxg4+ 38. Kxg4 gxh5+ 39. Kf5 Re8 40. Nd7 Kd6 41. Ne5 Kd5 42. Nd7 Re3 43. Nf6+ Kc6 44. b4 Bxf6 45. Kxf6 cxb4 46. f5 Rf3 47. Ke6 Re3+ 48. Kf7 Rf3 49. f6 b3 50. Ke6 Kc5 51. f7 Kc4 52. Rh2 Rf1 53. Rh1 Rf3 54. Rh4+ Kc5 55. Rxh5+ Kb6 56. Rh3 Rxf7 57. Kxf7 b2 58. Rb3 Kc5 59. Ke6 b4 60. Rxb2 Kc4 61. Rc2+ Kd4 62. Rh2 b3 63. Rh3 Kc4 64. Rxh6 b2 65. Rh1 Kb3 1/2-1/2

[Event "EU-ch U16 30th"]
[Site "Antalya"]
[Date "2022.11.07"]
[Round "2"]
[White "Taspinar, Yanki"]
[Black "Temizer, Umut"]
[Result "0-1"]
[WhiteElo "2291"]
[BlackElo "2048"]
[PlyCount "33"]
[EventDate "2022.11.06"]
[EventType "swiss"]
[EventRounds "9"]
[EventCountry "TUR"]
[SourceTitle "EXT 2024"]
[Source "ChessBase"]
[SourceDate "2023.10.10"]
[SourceVersion "1"]
[SourceVersionDate "2023.10.10"]
[SourceQuality "1"]

1. d4 d5 2. c4 e6 3. Nc3 Nf6 4. Nf3 c6 5. e3 Nbd7 6. Qc2 Be7 7. b3 0-0 8. Bd3 b6 9. 0-0 Bb7 10. Bb2 h6 11. Rfd1 Rc8 12. Rac1 c5 13. cxd5 cxd4 14. dxe6 Bxf3 15. gxf3 fxe6 16. Bg6 dxc3 17. Bxc3 0-1

[Event "Kesan op"]
[Site "Kesan"]
[Date "2022.08.03"]
[Round "2"]
[White "Temizer, Umut"]
[Black "Ilgaz, Yusuf Kerem"]
[Result "1-0"]
[WhiteElo "2064"]
[BlackElo "1481"]
[PlyCount "65"]
[EventDate "2022.08.02"]
[EventType "swiss"]
[EventRounds "9"]
[EventCountry "TUR"]
[SourceTitle "CBM 209 Extra"]
[Source "ChessBase"]
[SourceDate "2022.09.30"]
[SourceVersion "1"]
[SourceVersionDate "2022.09.30"]
[SourceQuality "1"]

1. Nf3 Nf6 2. g3 d5 3. Bg2 e6 4. 0-0 Be7 5. b3 c5 6. Bb2 0-0 7. c4 b6 8. cxd5 exd5 9. d4 Bb7 10. Nc3 Nbd7 11. Rc1 Re8 12. Qc2 Rc8 13. Rfd1 Bf8 14. e3 Ne4 15. Qe2 Ndf6 16. Bh3 Nxc3 17. Bxc3 Rb8 18. Ne5 Bd6 19. f3 Qc7 20. Bb2 Bc8 21. g4 h6 22. Bf1 Bb7 23. Qf2 Nd7 24. f4 Nf6 25. Bd3 Bxe5 26. fxe5 Nxg4 27. Qf3 h5 28. h3 Nh6 29. Qxh5 Bc8 30. Rd2 Be6 31. Rg2 Kh8 32. Kh1 Qd7 33. Rcg1 1-0

[Event "Paracin op-A 15th"]
[Site "Paracin"]
[Date "2022.07.09"]
[Round "2"]
[White "Temizer, Umut"]
[Black "Aaditya, Dhingra"]
[Result "0-1"]
[WhiteElo "1921"]
[BlackElo "2156"]
[PlyCount "63"]
[EventDate "2022.07.08"]
[EventType "swiss"]
[EventRounds "9"]
[EventCountry "SRB"]
[SourceTitle "EXT 2023"]
[Source "ChessBase"]
[SourceDate "2022.10.05"]
[SourceVersion "1"]
[SourceVersionDate "2022.10.05"]
[SourceQuality "1"]

1. e4 e5 2. Nf3 Nc6 3. d4 exd4 4. Nxd4 Bc5 5. Nb3 Bb6 6. Nc3 Nge7 7. Qe2 0-0 8. Be3 d6 9. 0-0-0 f5 10. f4 fxe4 11. g3 Bxe3+ 12. Qxe3 Nf5 13. Bc4+ Kh8 14. Qe2 a5 15. a4 e3 16. Kb1 Re8 17. g4 Nh4 18. h3 Be6 19. Bxe6 Rxe6 20. Nd4 Nxd4 21. Rxd4 Qf6 22. Rhd1 Rae8 23. Nd5 Qf7 24. R4d3 c6 25. f5 Re5 26. Nf4 d5 27. Ne6 Ng6 28. Rf1 Nf8 29. Nf4 Re4 30. b3 d4 31. Qf3 c5 32. Kc1 0-1

[Event "TUR Cup"]
[Site "Adapazari"]
[Date "2022.03.27"]
[Round "4"]
[White "Temizer, Umut"]
[Black "Kilic, Nurullah"]
[Result "1-0"]
[WhiteElo "1900"]
[BlackElo "1171"]
[PlyCount "89"]
[EventDate "2022.03.25"]
[EventType "swiss"]
[EventRounds "11"]
[EventCountry "TUR"]
[SourceTitle "EXT 2023"]
[Source "ChessBase"]
[SourceDate "2022.10.05"]
[SourceVersion "1"]
[SourceVersionDate "2022.10.05"]
[SourceQuality "1"]

1. e4 e5 2. Nf3 Nc6 3. Bc4 Nf6 4. d3 Be7 5. 0-0 0-0 6. c3 d5 7. exd5 Nxd5 8. Re1 Bg4 9. h3 Bh5 10. Nbd2 Nb6 11. Bb5 f6 12. Ne4 Kh8 13. Ng3 Bg6 14. Nh4 Bf7 15. Ngf5 a6 16. Bxc6 bxc6 17. Qg4 Rg8 18. Re4 g6 19. Nxe7 Qxe7 20. Qg3 Bd5 21. Re2 Rae8 22. c4 Bf7 23. b3 Qd6 24. Bb2 c5 25. Rf1 Nd7 26. Re3 g5 27. Nf5 Qe6 28. Qf3 Bg6 29. Nh6 Rgf8 30. Rfe1 Re7 31. Qg3 Rfe8 32. h4 gxh4 33. Qxh4 Qd6 34. g4 Rg7 35. f4 Rf8 36. f5 Bf7 37. Kf1 Bg8 38. R1e2 Qe7 39. g5 Rxg5 40. Rg2 Qg7 41. Reg3 Rxg3 42. Rxg3 Qe7 43. Qg4 Bxc4 44. dxc4 Nb8 45. Qg8+ 1-0

[Event "TUR Cup"]
[Site "Antalya"]
[Date "2020.01.31"]
[Round "9"]
[White "Ozdemir, Serhan Berat"]
[Black "Temizer, Umut"]
[Result "1-0"]
[WhiteElo "2139"]
[BlackElo "1927"]
[PlyCount "67"]
[EventDate "2020.01.26"]
[EventType "swiss"]
[EventRounds "11"]
[EventCountry "TUR"]
[SourceTitle "CBM 194 Extra"]
[Source "ChessBase"]
[SourceDate "2020.03.31"]
[SourceVersion "1"]
[SourceVersionDate "2020.03.31"]
[SourceQuality "1"]

1. e4 c5 2. Nf3 g6 3. d4 cxd4 4. Qxd4 Nf6 5. e5 Nc6 6. Qa4 Nd5 7. Qe4 Nb6 8. Nc3 Bg7 9. Bf4 d5 10. exd6 Bf5 11. Qe3 0-0 12. 0-0-0 exd6 13. Rxd6 Qc8 14. Bh6 Re8 15. Qd2 Bh8 16. Bb5 a6 17. Be2 Re6 18. Rd1 Qe8 19. Be3 Rxd6 20. Qxd6 Rd8 21. Qa3 Rxd1+ 22. Kxd1 Qd8+ 23. Kc1 Bxc3 24. Qxc3 Nd5 25. Qd2 Ncb4 26. Bc4 Qa5 27. Bxd5 Nd3+ 28. cxd3 Qxd5 29. Bd4 Qxa2 30. Qf4 Qa1+ 31. Kd2 f6 32. Qb8+ Kg7 33. Qc7+ Kh6 34. Bxf6 1-0